000 00705nam a2200205Ia 4500
003 GCL
008 140319s9999 xx 000 0 ara d
020 _a9387291977
040 _aGCL /
_cGCL
082 0 4 _a398.962
_bع ش
100 1 _aعزة عزت
245 1 0 _aالشخصية المصرية فى الامثال الشعبية :
_bلغة الشارع /
_cعزة عزت
250 _aالثانية
260 _aالقاهرة :
_bمركز الحضارة العربية للاعلام والنشر ،
_c2002
300 _a360 ص ؛
_c15 سم
650 0 4 _aالامثال العامية
650 0 4 _aالامثال المصرية
650 0 4 _aالادب الشعبى - مصر
942 _2ddc
_cBK
999 _c5161
_d5161